000 00869nam a2200253 i 4500
001 bg
100 1 _aDobrodziej, Elżbieta.
245 1 0 _aWynagradzanie pracowników za czas niewykonywania pracy /
_cElżbieta Dobrodziej.
250 _aStan prawny na dzień 31 października 2000 r.
260 _aBydgoszcz :
_bOficyna Wydawnicza Ośrodka Postępu Organizacyjnego,
_c2000.
300 _a115 s. ;
_c21 cm.
490 1 _aBiblioteka Menedżera i Służby Pracowniczej,
_vz. 188
650 9 _aPłaca
_xprawo
_zPolska
_ystan na 2000 r.
650 9 _aZwolnienia od pracy
_xprawo
_zPolska
_ystan 2000 r.
830 0 _aBiblioteka Menedżera i Służby Pracowniczej
_vz. 188
020 _a8372910073
040 _cBPK
041 0 _apol
044 _aPOL
080 _a349.23/.24
920 _a83-7291-007-3
942 _cKS
008 130116s pl a f |000 0 pol
999 _c53830
_d53830
856 _uhttp://koha.tu.koszalin.pl/cgi-bin/koha/opac-detail.pl?biblionumber=53830
_yKatalog online BPK